The mantle of Ishmael.

Saved in:
Bibliographic Details
Main Author: Fletcher, J. S. (Joseph Smith), 1863-1935
Format: Book
Language:English
Published: London : Jenkins, 1933.
LEADER 00695nam a2200193 a 4500
001 c000103055
003 CARM
005 19900914000000.0
008 810322s1933 ukk 000 1 eng d
019 1 |a 6356714  |5 LACONCORD2021 
035 |a (OCoLC)40068627  |5 LACONCORD2021 
040 |a 2509  |b eng  |c 2509  |d SUA 
100 1 |a Fletcher, J. S.  |q (Joseph Smith),  |d 1863-1935. 
245 1 4 |a The mantle of Ishmael. 
260 |a London :  |b Jenkins,  |c 1933. 
300 |a v, 288p. 
852 8 |b CARM  |h A2:AJ32G0  |i A02481  |p 0160121  |f BK 
999 f f |i ffc18d9b-2b8f-5c94-a094-e8b6f2cc0c0b  |s 6dd3986f-ab33-59b3-a516-9c3526fb0cca 
952 f f |p Can circulate  |a CAVAL  |b CAVAL  |c CAVAL  |d CARM 1 Store  |e A02481  |f A2:AJ32G0  |h Other scheme  |i book  |m 0160121